000 00494nam a22001697a 4500
005 20251108165421.0
008 250721s1991 xx 000 0 ara d
082 1 4 _aم/213.4/محم
100 1 _aالألباني، محمد ناصر الدين
245 1 0 _aضعيف سنن الترمذي /
264 1 _aبيروت :
_bالمكتب الإسلامي،
_c1991.
300 _a706ص
650 1 7 _aالإسلام
650 1 7 _aالحديث الشريف
942 _2ddc
_cREF
999 _c27430
_d27430